[Event "SVK-ch rapid"]
[Site "Poprad"]
[Date "2025.05.03"]
[Round "2"]
[White "Koval, Jakub"]
[Black "Kneznik, Frantisek"]
[Result "1/2-1/2"]
[WhiteElo "2089"]
[BlackElo "1956"]
[PlyCount "94"]
[EventDate "2025.05.03"]
[EventType "swiss (rapid)"]
[EventRounds "7"]
[EventCountry "SVK"]
[SourceTitle "CB19_2025"]
[SourceDate "2025.05.07"]
[SourceVersion "1"]
[SourceVersionDate "2025.05.07"]
[SourceQuality "1"]

1. e4 e5 2. Nf3 Nf6 3. Nxe5 d6 4. Nf3 Nxe4 5. Nc3 Nxc3 6. dxc3 d5 7. Bf4 Be7 8. Qd2 0-0 9. 0-0-0 c6 10. Bd3 Bf6 11. h4 Be6 12. Rde1 Qa5 13. a3 Re8 14. Ng5 d4 15. cxd4 Qxd2+ 16. Bxd2 Bxd4 17. Bxh7+ Kh8 18. Bf5 Bxf2 19. Re2 Bd4 20. Nxe6 fxe6 21. Rxe6 Rxe6 22. Bxe6 Na6 23. c3 Nc5 24. Bc4 Bf6 25. g4 b5 26. Ba2 Rd8 27. Bg5 Nd3+ 28. Kc2 Nf2 29. Bxf6 gxf6 30. Rg1 Kg7 31. Rg2 Nh3 32. Rd2 Rxd2+ 33. Kxd2 Nf2 34. Be6 Ne4+ 35. Ke3 Nc5 36. Bf5 Na4 37. Bd7 Nxb2 38. Bxc6 Nc4+ 39. Kd4 Nxa3 40. Kc5 Nb1 41. Kb4 a5+ 42. Kb3 b4 43. cxb4 axb4 44. Kxb4 Nd2 45. Bd7 Kh6 46. h5 Kg7 47. h6+ Kh7 1/2-1/2

[Event "SVK-ch blitz"]
[Site "Poprad"]
[Date "2025.05.02"]
[Round "13"]
[White "Cisko, Matej"]
[Black "Koval, Jakub"]
[Result "1-0"]
[WhiteElo "2103"]
[BlackElo "2020"]
[PlyCount "67"]
[EventDate "2025.05.02"]
[EventType "swiss (blitz)"]
[EventRounds "13"]
[EventCountry "SVK"]
[SourceTitle "CB19_2025"]
[SourceDate "2025.05.07"]
[SourceVersion "1"]
[SourceVersionDate "2025.05.07"]
[SourceQuality "1"]

1. e4 e5 2. Nf3 Nc6 3. Bb5 g6 4. d4 exd4 5. Nxd4 Bg7 6. Be3 Nf6 7. Nc3 0-0 8. 0-0 Ne7 9. f4 c6 10. Be2 d5 11. e5 Ne4 12. Nxe4 dxe4 13. Bc4 Nd5 14. Bxd5 Qxd5 15. Nb3 Be6 16. Qxd5 Bxd5 17. Bd4 b6 18. Bc3 c5 19. Rad1 Rad8 20. Rfe1 Bh6 21. g3 g5 22. f5 g4 23. Nd2 Bc6 24. Nc4 Rxd1 25. Rxd1 Bb5 26. Nd6 Be2 27. Re1 Bf3 28. Nxe4 Rd8 29. Nf6+ Kg7 30. e6 fxe6 31. fxe6 Kg6 32. e7 Be3+ 33. Rxe3 Rd1+ 34. Kf2 1-0

[Event "SVK-ch blitz"]
[Site "Poprad"]
[Date "2025.05.02"]
[Round "2"]
[White "Koval, Jakub"]
[Black "Szaszak, Robert"]
[Result "1-0"]
[WhiteElo "2020"]
[BlackElo "1803"]
[PlyCount "169"]
[EventDate "2025.05.02"]
[EventType "swiss (blitz)"]
[EventRounds "13"]
[EventCountry "SVK"]
[SourceTitle "CB19_2025"]
[SourceDate "2025.05.07"]
[SourceVersion "1"]
[SourceVersionDate "2025.05.07"]
[SourceQuality "1"]

1. e4 e5 2. Nf3 Nc6 3. Bc4 Bc5 4. 0-0 d6 5. c3 Nf6 6. d4 exd4 7. cxd4 Bb6 8. Nc3 h6 9. Re1 0-0 10. h3 Bd7 11. Bf4 Qc8 12. d5 Ne7 13. e5 dxe5 14. Bxe5 Nh7 15. Bxg7 Kxg7 16. Rxe7 Bxh3 17. gxh3 Qxh3 18. Nh2 Qg3+ 19. Kh1 Qxf2 20. Qf1 Qc5 21. d6 Qxd6 22. Rxf7+ Rxf7 23. Qxf7+ Kh8 24. Qd5 Rd8 25. Rd1 Qxd5+ 26. Rxd5 Rf8 27. Ng4 Nf6 28. Nxf6 Rxf6 29. Rd7 Rf2 30. Ne4 Rf4 31. Bd3 Kg8 32. Kg2 Kf8 33. Kg3 Rf7 34. Rd8+ Ke7 35. Rh8 Be3 36. Bc4 Rg7+ 37. Kf3 Bd4 38. Rxh6 Bxb2 39. Re6+ Kd7 40. Nf6+ Bxf6 41. Rxf6 Ke7 42. Re6+ Kd7 43. Rh6 a6 44. Bb3 c6 45. Ke4 Kc7 46. Kd4 Rg5 47. Rh7+ Kb6 48. Kc3 Rf5 49. Bc2 Rg5 50. Bd3 Rg4 51. Rd7 Rf4 52. Kb3 Rg4 53. Bc4 Rh4 54. Kb4 Rg4 55. a4 a5+ 56. Kc3 Rh4 57. Rg7 Rh3+ 58. Bd3 Rh4 59. Bc2 Rf4 60. Rg5 Rh4 61. Rg1 Rf4 62. Rb1+ Kc7 63. Re1 Kb6 64. Re7 Rh4 65. Re8 Rf4 66. Re7 Rh4 67. Kb3 Rb4+ 68. Ka3 Rc4 69. Bf5 Rb4 70. Bc8 Ka7 71. Bd7 Rb6 72. Be8 Kb8 73. Bg6 Ka7 74. Bd3 Rb4 75. Be4 Rb6 76. Re5 Ka6 77. Bd3+ Ka7 78. Rxa5+ Kb8 79. Rh5 Ka7 80. a5 Rb5 81. Bxb5 cxb5 82. Rxb5 Ka6 83. Rb6+ Kxa5 84. Rxb7 Ka6 85. Rb4 1-0

[Event "SVK-ch blitz"]
[Site "Poprad"]
[Date "2025.05.02"]
[Round "5"]
[White "Solcan, Martin"]
[Black "Koval, Jakub"]
[Result "0-1"]
[WhiteElo "2110"]
[BlackElo "2020"]
[PlyCount "66"]
[EventDate "2025.05.02"]
[EventType "swiss (blitz)"]
[EventRounds "13"]
[EventCountry "SVK"]
[SourceTitle "CB19_2025"]
[SourceDate "2025.05.07"]
[SourceVersion "1"]
[SourceVersionDate "2025.05.07"]
[SourceQuality "1"]

1. e4 c5 2. Nf3 e6 3. d4 cxd4 4. Nxd4 a6 5. Nc3 Qc7 6. Bd3 d6 7. 0-0 Nf6 8. f4 Be7 9. Kh1 0-0 10. e5 Nfd7 11. exd6 Bxd6 12. Ndb5 axb5 13. Nxb5 Qc6 14. Nxd6 Nc5 15. Bxh7+ Kxh7 16. Qh5+ Kg8 17. Nc4 Nbd7 18. Be3 Ne4 19. b3 Nef6 20. Qh4 Qe4 21. Rf3 Qh7 22. Qe1 b5 23. Rh3 Nh5 24. Nd6 Ndf6 25. Qe2 Rd8 26. Nxc8 Raxc8 27. g4 Qe4+ 28. Rf3 Rxc2 29. Qf1 Nxg4 30. Re1 Nxe3 31. Rexe3 Qc6 32. Re1 Rdd2 33. Kg1 Nxf4 0-1

[Event "SVK-ch blitz"]
[Site "Poprad"]
[Date "2025.05.02"]
[Round "6"]
[White "Stevik, Patrik1"]
[Black "Koval, Jakub"]
[Result "1-0"]
[WhiteElo "2253"]
[BlackElo "2020"]
[PlyCount "71"]
[EventDate "2025.05.02"]
[EventType "swiss (blitz)"]
[EventRounds "13"]
[EventCountry "SVK"]
[SourceTitle "CB19_2025"]
[SourceDate "2025.05.07"]
[SourceVersion "1"]
[SourceVersionDate "2025.05.07"]
[SourceQuality "1"]

1. Nf3 Nf6 2. g3 b6 3. Bg2 Bb7 4. 0-0 e6 5. b3 c5 6. Bb2 Be7 7. c4 0-0 8. d4 cxd4 9. Qxd4 d6 10. Nc3 a6 11. Rac1 Nbd7 12. Rfd1 Qc7 13. h3 Rac8 14. Qd2 Rfd8 15. e3 Qb8 16. Qe2 Qa8 17. Rd4 Ne5 18. e4 Nc6 19. Rd2 Qb8 20. Rcd1 Nd7 21. Na4 Qc7 22. h4 Nde5 23. h5 h6 24. Nh2 Nd7 25. Ng4 Nce5 26. Ne3 Nc5 27. Nc3 Nc6 28. Qg4 Ne5 29. Qe2 Nc6 30. f4 Ba8 31. Qg4 Bf8 32. Ncd5 exd5 33. Bxg7 Qd7 34. Nf5 f6 35. Bxf6+ Kh7 36. Qg6# 1-0

[Event "SVK-chT1E 2425"]
[Site "Slovakia"]
[Date "2024.12.08"]
[Round "4.1"]
[White "Suder, Jakub"]
[Black "Koval, Jakub"]
[Result "1-0"]
[WhiteElo "2342"]
[BlackElo "2108"]
[PlyCount "61"]
[EventDate "2024.11.16"]
[EventType "team-tourn"]
[EventRounds "11"]
[EventCountry "SVK"]
[SourceTitle "CB51_2024"]
[SourceDate "2024.12.18"]
[SourceVersion "1"]
[SourceVersionDate "2024.12.18"]
[SourceQuality "1"]
[WhiteTeam "Zákamenne Tatran"]
[BlackTeam "Michalovce Zemplin"]
[WhiteTeamCountry "SVK"]
[BlackTeamCountry "SVK"]

1. d4 Nf6 2. c4 e6 3. Nc3 Bb4 4. f3 c5 5. d5 0-0 6. e4 b5 7. e5 exd5 8. exf6 d4 9. a3 Ba5 10. b4 dxc3 11. bxa5 bxc4 12. Bxc4 Qxf6 13. Qd5 Bb7 14. Qxb7 Nc6 15. Qa6 c2 16. Ra2 Qc3+ 17. Kf1 Qd4 18. Bd3 Rae8 19. Ne2 Rxe2 20. Kxe2 Qh4 21. Be3 Re8 22. Be4 f5 23. Qc4+ Kh8 24. Qf7 Nd4+ 25. Bxd4 Rxe4+ 26. Be3 Rxe3+ 27. Kxe3 Qd4+ 28. Ke2 Qe5+ 29. Kd2 h6 30. Qc4 c1Q+ 31. Kxc1 1-0

[Event "SVK-chT1E 2425"]
[Site "Slovakia"]
[Date "2024.11.16"]
[Round "1.1"]
[White "Koval, Jakub"]
[Black "Rojicek, Vojtech"]
[Result "0-1"]
[WhiteElo "2108"]
[BlackElo "2376"]
[PlyCount "76"]
[EventDate "2024.11.16"]
[EventType "team-tourn"]
[EventRounds "11"]
[EventCountry "SVK"]
[SourceTitle "CB51_2024"]
[SourceDate "2024.12.18"]
[SourceVersion "1"]
[SourceVersionDate "2024.12.18"]
[SourceQuality "1"]
[WhiteTeam "Michalovce Zemplin"]
[BlackTeam "Liptov Chess School II"]
[WhiteTeamCountry "SVK"]
[BlackTeamCountry "SVK"]

1. e4 c5 2. Nc3 Nc6 3. Bb5 Nd4 4. Nge2 a6 5. Bc4 b5 6. Bd5 Rb8 7. a3 e6 8. Ba2 Bb7 9. d3 Nxe2 10. Qxe2 Ne7 11. f4 Nc6 12. 0-0 Nd4 13. Qf2 Be7 14. Be3 0-0 15. Bxd4 cxd4 16. Qxd4 Qc7 17. Qe3 f5 18. Kh1 Rf6 19. Rf3 Rbf8 20. Raf1 Kh8 21. Bb3 Bxa3 22. Nxb5 axb5 23. bxa3 Qa5 24. Rg3 Qxa3 25. e5 R6f7 26. Qd4 Ra8 27. h3 Bc6 28. Kh2 h6 29. Re1 Rff8 30. Qb6 Qb4 31. Qe3 Ra6 32. Rg6 Rfa8 33. Rf1 Ra1 34. Rxa1 Rxa1 35. Qg3 Qd4 36. h4 Qg1+ 37. Kh3 Re1 38. Qh2 Qe3+ 0-1

[Event "SVK-chT2D 2425"]
[Site "Slovakia"]
[Date "2024.11.10"]
[Round "2.2"]
[White "Koval, Jakub"]
[Black "Galovic, Stefan"]
[Result "1-0"]
[WhiteElo "2111"]
[BlackElo "2030"]
[PlyCount "85"]
[EventDate "2024.11.09"]
[EventType "team-tourn"]
[EventRounds "11"]
[EventCountry "SVK"]
[SourceTitle "CB51_2024"]
[SourceDate "2024.12.18"]
[SourceVersion "1"]
[SourceVersionDate "2024.12.18"]
[SourceQuality "1"]
[WhiteTeam "Presov Tatran Dason"]
[BlackTeam "Poprad LS VD"]
[WhiteTeamCountry "SVK"]
[BlackTeamCountry "SVK"]

1. e4 e5 2. Nf3 Nc6 3. Bc4 Bc5 4. 0-0 Nf6 5. d4 exd4 6. e5 d5 7. exf6 dxc4 8. Re1+ Be6 9. Ng5 Qd5 10. Nc3 Qf5 11. Nce4 0-0-0 12. g4 Qe5 13. fxg7 Rhg8 14. Nxe6 fxe6 15. Bh6 d3 16. cxd3 Rxd3 17. Qc2 Nd4 18. Qxc4 Nf3+ 19. Kf1 Nxe1 20. Rxe1 Rd5 21. Nxc5 Rxc5 22. Qxe6+ Qxe6 23. Rxe6 Rc6 24. Rxc6 bxc6 25. f4 Kd7 26. f5 Ke7 27. h4 Kf7 28. Kf2 Rb8 29. b3 c5 30. h5 c4 31. bxc4 Rb2+ 32. Kf3 Rxa2 33. g5 Rh2 34. Kg4 Kg8 35. g6 hxg6 36. fxg6 Rc2 37. Be3 Rxc4+ 38. Kf5 a5 39. h6 a4 40. Kf6 Rc6+ 41. Kf5 Rd6 42. Bf4 Rd5+ 43. Be5 1-0

[Event "SVK-ch U2300"]
[Site "Liptovsky Jan"]
[Date "2024.06.18"]
[Round "7"]
[White "Koval, Jakub"]
[Black "Babjak, Samuel"]
[Result "1-0"]
[WhiteElo "2099"]
[BlackElo "1883"]
[PlyCount "73"]
[EventDate "2024.06.15"]
[EventType "swiss"]
[EventRounds "8"]
[EventCountry "SVK"]
[SourceTitle "CBM 220 Extra"]
[Source "ChessBase"]
[SourceDate "2024.07.31"]
[SourceVersion "1"]
[SourceVersionDate "2024.07.31"]
[SourceQuality "1"]

1. e4 e6 2. d4 d5 3. Nc3 Nf6 4. Bg5 dxe4 5. Nxe4 Be7 6. Bxf6 gxf6 7. Nf3 a6 8. Qd2 b5 9. 0-0-0 Bb7 10. Qe3 Nd7 11. h4 f5 12. Ng3 Nf6 13. Bd3 Bd5 14. Rhe1 Ng4 15. Qe2 c6 16. Ne5 Nxe5 17. Qxe5 Bf6 18. Qe3 f4 19. Qxf4 Bxh4 20. Kb1 Be7 21. Qe5 Bf6 22. Qh5 Be7 23. Be4 a5 24. f4 Bxe4 25. Rxe4 Qd5 26. Re5 Qxg2 27. Ne4 Qg6 28. Qh1 Rg8 29. a4 Rb8 30. Re1 bxa4 31. f5 exf5 32. Nc5 Qd6 33. Rxe7+ Qxe7 34. Qxc6+ Kd8 35. Rxe7 Kxe7 36. Qc7+ Kf6 37. Nd7+ 1-0

[Event "SVK-ch U2300"]
[Site "Liptovsky Jan"]
[Date "2024.06.16"]
[Round "3"]
[White "Koval, Jakub"]
[Black "Janik, Marek Tobias"]
[Result "1-0"]
[WhiteElo "2099"]
[BlackElo "1868"]
[PlyCount "105"]
[EventDate "2024.06.15"]
[EventType "swiss"]
[EventRounds "8"]
[EventCountry "SVK"]
[SourceTitle "CBM 220 Extra"]
[Source "ChessBase"]
[SourceDate "2024.07.31"]
[SourceVersion "1"]
[SourceVersionDate "2024.07.31"]
[SourceQuality "1"]

1. b3 e5 2. Bb2 Nc6 3. e3 Nf6 4. c4 d5 5. cxd5 Nxd5 6. a3 a6 7. Qc2 Be6 8. Nf3 f6 9. Be2 Qd7 10. 0-0 Be7 11. d3 g5 12. Nc3 0-0-0 13. Rac1 Kb8 14. b4 Nxc3 15. Qxc3 g4 16. Nd2 h5 17. Ne4 h4 18. Nc5 Bxc5 19. Qxc5 Bd5 20. d4 g3 21. f3 h3 22. hxg3 hxg2 23. Kxg2 Qh3+ 24. Kf2 Qh2+ 25. Ke1 Qxg3+ 26. Kd2 exd4 27. e4 Bb3 28. Qf5 Qg2 29. Qg4 Qh2 30. Rh1 Qf2 31. Qg1 Qxg1 32. Rcxg1 Rxh1 33. Rxh1 Rg8 34. Rh2 Rg1 35. Kd3 Ne5+ 36. Kxd4 Rb1 37. Kc3 Bd1 38. f4 Bxe2 39. Rxe2 Nc6 40. Kc2 Rf1 41. f5 Ne5 42. Bxe5 fxe5 43. Rd2 Rf4 44. Rd8+ Ka7 45. Kd3 Rf3+ 46. Ke2 Rf4 47. Ke3 Rh4 48. Re8 Rh3+ 49. Kf2 Rh6 50. Rxe5 Kb6 51. Rd5 Kc6 52. Kg3 Rh1 53. Kf4 1-0

[Event "SVK-chT1E 2223"]
[Site "Slovakia"]
[Date "2024.03.10"]
[Round "11.1"]
[White "Kaczmarek, Aleksander"]
[Black "Koval, Jakub"]
[Result "1-0"]
[WhiteElo "2350"]
[BlackElo "2119"]
[PlyCount "80"]
[EventDate "2023.10.21"]
[EventType "team-tourn"]
[EventRounds "11"]
[EventCountry "SVK"]
[SourceTitle "EXT 2025"]
[Source "ChessBase"]
[SourceDate "2024.10.14"]
[SourceVersion "1"]
[SourceVersionDate "2024.10.14"]
[SourceQuality "1"]
[WhiteTeam "Dunajov Martin II"]
[BlackTeam "Michalovce Zemplin"]
[WhiteTeamCountry "SVK"]
[BlackTeamCountry "SVK"]

1. e4 e5 2. Nf3 Nf6 3. Nxe5 d5 4. exd5 Qxd5 5. Qe2 Be7 6. Nc3 Qd6 7. Nb5 Qd8 8. Qc4 0-0 9. d4 Nc6 10. Be3 a6 11. Nc3 Nb4 12. Qe2 Bf5 13. Rc1 c5 14. dxc5 Qc7 15. Nd3 Nxd3+ 16. cxd3 Bxc5 17. d4 Bd6 18. Qd2 Rac8 19. Bd3 Bxd3 20. Qxd3 Rfe8 21. h3 Bh2 22. Kd1 Bd6 23. Nd5 Qa5 24. Nxf6+ gxf6 25. Qb3 Rxc1+ 26. Kxc1 Qf5 27. Kd2 Bf4 28. Re1 Qe4 29. Kd1 Bxe3 30. fxe3 Qxg2 31. Qc2 Qxh3 32. Qf2 Qg4+ 33. Kd2 Qe6 34. b3 Rc8 35. Qg3+ Kf8 36. e4 Qc6 37. Qd3 Qd6 38. e5 Qb4+ 39. Ke2 fxe5 40. Qxh7 Qb5+ 1-0

[Event "SVK-chT1E 2223"]
[Site "Slovakia"]
[Date "2024.03.09"]
[Round "10.1"]
[White "Koval, Jakub"]
[Black "Antoniewski, Rafal"]
[Result "0-1"]
[WhiteElo "2119"]
[BlackElo "2463"]
[PlyCount "70"]
[EventDate "2023.10.21"]
[EventType "team-tourn"]
[EventRounds "11"]
[EventCountry "SVK"]
[SourceTitle "EXT 2025"]
[Source "ChessBase"]
[SourceDate "2024.10.14"]
[SourceVersion "1"]
[SourceVersionDate "2024.10.14"]
[SourceQuality "1"]
[WhiteTeam "Michalovce Zemplin"]
[BlackTeam "Dunajov Martin"]
[WhiteTeamCountry "SVK"]
[BlackTeamCountry "SVK"]

1. b3 d5 2. Bb2 Bg4 3. f3 Bh5 4. e3 Nd7 5. c4 dxc4 6. Bxc4 e5 7. Ne2 Bd6 8. 0-0 Ngf6 9. Nbc3 0-0 10. Ng3 Bg6 11. Nce4 Nxe4 12. fxe4 Nb6 13. Be2 Bb4 14. d4 Qg5 15. Rf3 Rfe8 16. Nf5 Bxf5 17. Rg3 Qh4 18. exf5 Rad8 19. Bh5 Bd6 20. Rg4 Qf6 21. Qf3 exd4 22. exd4 Nd5 23. Bc1 h6 24. Bd2 Bf4 25. Rxf4 Nxf4 26. Qxf4 Rxd4 27. Qxc7 Rxd2 28. Rf1 Qb6+ 29. Qxb6 axb6 30. h3 Re5 31. Bg4 Kf8 32. Rc1 Rc5 33. Re1 Rxa2 34. f6 gxf6 35. Bd7 Rc7 0-1

[Event "SVK-chT1E 2223"]
[Site "Slovakia"]
[Date "2023.12.17"]
[Round "6.2"]
[White "Koval, Jakub"]
[Black "Svana, Kamil"]
[Result "1-0"]
[WhiteElo "2116"]
[BlackElo "2044"]
[PlyCount "81"]
[EventDate "2023.10.21"]
[EventType "team-tourn"]
[EventRounds "11"]
[EventCountry "SVK"]
[SourceTitle "EXT 2025"]
[Source "ChessBase"]
[SourceDate "2024.10.14"]
[SourceVersion "1"]
[SourceVersionDate "2024.10.14"]
[SourceQuality "1"]
[WhiteTeam "Michalovce Zemplin"]
[BlackTeam "Kosice Slavia TU"]
[WhiteTeamCountry "SVK"]
[BlackTeamCountry "SVK"]

1. e4 c5 2. Nc3 a6 3. g3 b5 4. Bg2 Bb7 5. d3 e6 6. Nh3 Nf6 7. Bg5 Be7 8. 0-0 Qc7 9. Re1 d6 10. a4 b4 11. Nb1 0-0 12. Nd2 Nc6 13. c3 Rfd8 14. Nf4 h6 15. Bxf6 Bxf6 16. Rc1 bxc3 17. bxc3 Na5 18. Qg4 e5 19. Nd5 Bxd5 20. exd5 Rab8 21. Rb1 g6 22. f4 h5 23. Qf3 Rxb1 24. Rxb1 Rb8 25. Re1 Qd7 26. Ne4 Bg7 27. fxe5 Bxe5 28. Nxc5 Qa7 29. d4 Bxd4+ 30. cxd4 dxc5 31. d6 Qb6 32. Qf6 Qb4 33. Re7 Qxd4+ 34. Qxd4 cxd4 35. Ra7 d3 36. d7 Kf8 37. Rxa6 Nc4 38. Rc6 Rb1+ 39. Bf1 Ke7 40. Rxc4 d2 41. Rd4 1-0

[Event "SVK-chT1E 2223"]
[Site "Slovakia"]
[Date "2023.12.16"]
[Round "5.2"]
[White "Koval, Jakub"]
[Black "Krak, Tomas"]
[Result "0-1"]
[WhiteElo "2116"]
[BlackElo "2264"]
[PlyCount "136"]
[EventDate "2023.10.21"]
[EventType "team-tourn"]
[EventRounds "11"]
[EventCountry "SVK"]
[SourceTitle "EXT 2025"]
[Source "ChessBase"]
[SourceDate "2024.10.14"]
[SourceVersion "1"]
[SourceVersionDate "2024.10.14"]
[SourceQuality "1"]
[WhiteTeam "Michalovce Zemplin"]
[BlackTeam "Humenne Reinter II"]
[WhiteTeamCountry "SVK"]
[BlackTeamCountry "SVK"]

1. b3 e5 2. Bb2 Nc6 3. e3 g6 4. c4 Bg7 5. Nf3 Nge7 6. Be2 0-0 7. Nc3 d5 8. cxd5 Nxd5 9. 0-0 Bf5 10. Ne1 Nxc3 11. Bxc3 Qd6 12. d3 Rad8 13. Qd2 Rfe8 14. Qb2 Nd4 15. Bxd4 exd4 16. e4 Bxe4 17. Bf3 Bd5 18. Bxd5 Qxd5 19. Nf3 Re6 20. Rae1 Rde8 21. Rxe6 Rxe6 22. h3 c5 23. Qd2 b6 24. Rd1 Bf8 25. Kf1 f6 26. Qf4 Bd6 27. Qg4 Kf7 28. Nd2 Kg7 29. Re1 Rxe1+ 30. Kxe1 f5 31. Qg5 Qe5+ 32. Kd1 Be7 33. Nf3 Qd6 34. Qd2 Qe6 35. h4 h6 36. Qc1 b5 37. Qf4 Bd6 38. Qd2 Bc7 39. Qc2 Qe7 40. Qc1 Qd6 41. Qd2 Bd8 42. Qc1 a6 43. Qd2 Qe7 44. Qf4 Bc7 45. Qc1 Qd6 46. Qd2 Qf4 47. Qc2 Qd6 48. Qd2 Qe6 49. Qc1 Bd6 50. Qd2 Be7 51. Qf4 Qd6 52. Qd2 Bf6 53. Qc1 Bd8 54. Qd2 Bb6 55. Qe2 Kf7 56. Qd2 f4 57. Qc1 Ba5 58. Qc2 Qe7 59. Qc1 g5 60. hxg5 hxg5 61. Nd2 Bxd2 62. Kxd2 Kg6 63. Qa3 Qd6 64. Qa5 g4 65. a4 b4 66. Kc2 f3 67. g3 Kf5 68. Kb1 Ke6 0-1

[Event "SVK-chT2D 2324"]
[Site "Slovakia"]
[Date "2023.12.02"]
[Round "5.1"]
[White "Koval, Jakub"]
[Black "Elias, David"]
[Result "1/2-1/2"]
[WhiteElo "2133"]
[BlackElo "2253"]
[PlyCount "97"]
[EventDate "2023.10.07"]
[EventType "team-tourn"]
[EventRounds "11"]
[EventCountry "SVK"]
[SourceTitle "EXT 2025"]
[Source "ChessBase"]
[SourceDate "2024.10.14"]
[SourceVersion "1"]
[SourceVersionDate "2024.10.14"]
[SourceQuality "1"]
[WhiteTeam "Presov Tatran Dason"]
[BlackTeam "Humenne Reinter III"]
[WhiteTeamCountry "SVK"]
[BlackTeamCountry "SVK"]

1. e4 c5 2. Nc3 Nc6 3. Bb5 Nd4 4. Nf3 Nf6 5. a4 a6 6. e5 axb5 7. exf6 b4 8. Nxd4 cxd4 9. Nb5 gxf6 10. d3 e5 11. Qh5 d6 12. Bh6 Ra6 13. 0-0 Bd7 14. Rae1 Bxb5 15. axb5 Rb6 16. f4 Bxh6 17. Qxh6 Rxb5 18. Qg7 Rf8 19. Qxh7 Rc5 20. Rf2 Qc7 21. Qh4 Rxc2 22. Qxf6 Rxf2 23. Kxf2 Rg8 24. Re2 Qc6 25. g3 Qh1 26. Qh4 Kd7 27. fxe5 Re8 28. Qh3+ Kc6 29. exd6 Rxe2+ 30. Kxe2 Kxd6 31. Qh6+ Kc5 32. Qf8+ Kb5 33. Qe8+ Kb6 34. Qd8+ Kc5 35. Qe7+ Kb5 36. Qxf7 Qxh2+ 37. Qf2 Qh5+ 38. Ke1 Qh1+ 39. Qf1 Qh2 40. Qf2 Qh1+ 41. Kd2 Qh6+ 42. Kd1 Qh5+ 43. Qe2 Qh1+ 44. Qe1 Qf3+ 45. Kd2 Qg2+ 46. Kc1 Qc6+ 47. Kb1 Qf3 48. Qe8+ Ka5 49. Qa8+ 1/2-1/2

[Event "SVK-chT1E 2223"]
[Site "Slovakia"]
[Date "2023.11.25"]
[Round "3.1"]
[White "Koval, Jakub"]
[Black "Haring, Filip"]
[Result "0-1"]
[WhiteElo "2106"]
[BlackElo "2442"]
[PlyCount "50"]
[EventDate "2023.10.21"]
[EventType "team-tourn"]
[EventRounds "11"]
[EventCountry "SVK"]
[SourceTitle "EXT 2025"]
[Source "ChessBase"]
[SourceDate "2024.10.14"]
[SourceVersion "1"]
[SourceVersionDate "2024.10.14"]
[SourceQuality "1"]
[WhiteTeam "Michalovce Zemplin"]
[BlackTeam "Banska Bystrica Junior"]
[WhiteTeamCountry "SVK"]
[BlackTeamCountry "SVK"]

1. e4 c5 2. Nc3 Nc6 3. Bb5 Nd4 4. Nf3 e6 5. 0-0 g6 6. Bd3 Ne7 7. Nxd4 cxd4 8. Ne2 Nc6 9. f4 Be7 10. Ng3 b5 11. a4 Nb4 12. e5 Nxd3 13. Qf3 Rb8 14. Qxd3 Qc7 15. axb5 Rxb5 16. Ne4 Bb7 17. c4 dxc3 18. Nxc3 Rb4 19. Qg3 0-0 20. d4 Rxd4 21. Be3 Rd3 22. Kh1 Qc6 23. Rae1 Bh4 24. Qg4 Bxe1 25. Rxe1 f5 0-1

[Event "SVK-chT2D 2324"]
[Site "Slovakia"]
[Date "2023.11.11"]
[Round "3.1"]
[White "Koval, Jakub"]
[Black "Gajdos, Jozef"]
[Result "1-0"]
[WhiteElo "2133"]
[BlackElo "1969"]
[PlyCount "51"]
[EventDate "2023.10.07"]
[EventType "team-tourn"]
[EventRounds "11"]
[EventCountry "SVK"]
[SourceTitle "EXT 2025"]
[Source "ChessBase"]
[SourceDate "2024.10.14"]
[SourceVersion "1"]
[SourceVersionDate "2024.10.14"]
[SourceQuality "1"]
[WhiteTeam "Presov Tatran Dason"]
[BlackTeam "Kosice DPMK"]
[WhiteTeamCountry "SVK"]
[BlackTeamCountry "SVK"]

1. e4 e6 2. d4 d5 3. Nc3 Nf6 4. Bg5 dxe4 5. Nxe4 Be7 6. Bxf6 Bxf6 7. Nf3 0-0 8. Qd2 b6 9. 0-0-0 Bb7 10. Qf4 Nd7 11. Bd3 g6 12. h4 Bg7 13. h5 Nf6 14. hxg6 fxg6 15. Neg5 Nh5 16. Qe3 Bxf3 17. Qxe6+ Kh8 18. Nxf3 Nf4 19. Qg4 Nxd3+ 20. Rxd3 Qf6 21. Ng5 h5 22. Rf3 Qe7 23. Rxh5+ gxh5 24. Qxh5+ Bh6 25. Qxh6+ Kg8 26. Qg6+ 1-0

[Event "SVK-chT1E 2223"]
[Site "Slovakia"]
[Date "2023.10.21"]
[Round "1.1"]
[White "Peterson, Eric"]
[Black "Koval, Jakub"]
[Result "1/2-1/2"]
[WhiteElo "2169"]
[BlackElo "2110"]
[PlyCount "49"]
[EventDate "2023.10.21"]
[EventType "team-tourn"]
[EventRounds "11"]
[EventCountry "SVK"]
[SourceTitle "EXT 2025"]
[Source "ChessBase"]
[SourceDate "2024.10.14"]
[SourceVersion "1"]
[SourceVersionDate "2024.10.14"]
[SourceQuality "1"]
[WhiteTeam "Kezmarok KdV"]
[BlackTeam "Michalovce Zemplin"]
[WhiteTeamCountry "SVK"]
[BlackTeamCountry "SVK"]

1. e4 e5 2. Nf3 Nc6 3. Bb5 g6 4. d4 exd4 5. Nxd4 Bg7 6. Be3 Nf6 7. Nc3 0-0 8. 0-0 Ne7 9. Qd2 c6 10. Be2 d5 11. exd5 Nexd5 12. Nxd5 Nxd5 13. Bg5 Bf6 14. Bxf6 Qxf6 15. c3 Rd8 16. Bf3 Ne7 17. Qe3 Nf5 18. Nxf5 Bxf5 19. Rad1 Re8 20. Qc5 Re5 21. Qd4 Kg7 22. a3 Rb5 23. b4 Qxd4 24. Rxd4 Re5 25. h3 1/2-1/2

[Event "SVK-chT2D 2324"]
[Site "Slovakia"]
[Date "2023.10.08"]
[Round "2.1"]
[White "Koval, Jakub"]
[Black "Varga, Lukas"]
[Result "0-1"]
[WhiteElo "2133"]
[BlackElo "2131"]
[PlyCount "104"]
[EventDate "2023.10.07"]
[EventType "team-tourn"]
[EventRounds "11"]
[EventCountry "SVK"]
[SourceTitle "EXT 2025"]
[Source "ChessBase"]
[SourceDate "2024.10.14"]
[SourceVersion "1"]
[SourceVersionDate "2024.10.14"]
[SourceQuality "1"]
[WhiteTeam "Presov Tatran Dason"]
[BlackTeam "Kosice Slavia UPJS III"]
[WhiteTeamCountry "SVK"]
[BlackTeamCountry "SVK"]

1. e4 c5 2. Nc3 e6 3. d4 cxd4 4. Qxd4 Nc6 5. Qe3 Nf6 6. Bd2 a6 7. Nge2 Be7 8. 0-0-0 b5 9. Nf4 Qc7 10. Kb1 Ne5 11. Qg3 0-0 12. Nd3 Bd6 13. f4 Nxd3 14. Bxd3 e5 15. Qh3 Bb7 16. g4 b4 17. g5 Nh5 18. Qxh5 bxc3 19. Bxc3 exf4 20. e5 g6 21. Qe2 Bc5 22. Rhf1 f3 23. Rxf3 Bxf3 24. Qxf3 Rae8 25. h4 d6 26. exd6 Bxd6 27. h5 Qc5 28. Rh1 Be5 29. Qh3 Re7 30. hxg6 fxg6 31. Bxe5 Qxe5 32. a3 Rb8 33. b3 a5 34. Qg4 Qc3 35. Ka2 Rd8 36. Qf3 Qe5 37. Qf6 Qxf6 38. gxf6 Re5 39. Bc4+ Kh8 40. Bf7 Rg5 41. Be6 h5 42. Rh2 Re5 43. Bc4 Rd6 44. f7 Kg7 45. Rf2 Rf5 46. Re2 h4 47. Re8 Rdf6 48. b4 h3 49. Be6 h2 50. Rg8+ Kh7 51. Bxf5 Rxf7 52. Rxg6 Rxf5 0-1